Formula One Constructors Starting With F - Statistics

General Stats
  • This quiz has been taken 20 times
  • The average score is 4 of 9
Answer Stats
Seasons Races Constructor % Correct
1950- 1124 Ferrari
100%
2008–2018 203 Force India
87%
1975–1982 120 Fittipaldi (Copersucar)
60%
1995–1996 27 Forti
40%
1991-1992 28 Fondmetal
27%
1961 1 Ferguson
13%
1972–1976 61 Frank Williams Racing Cars
13%
1952 4 Frazer–Nash
13%
1959 1 Fry
13%
No matching quizzes found
Score Distribution
Percent of People with Each Score
Percentile by Number Answered
Your Score History
You have not taken this quiz